All Tom Clancy's Rainbow Six Siege Operators (by Logo) - Statistics

General Stats
  • This quiz has been taken 24,321 times
    9,955 since last reset
  • The average score is 65 of 76
Answer Stats
Picture Answer % Correct
Buck
98%
Glaz
97%
Maverick
96%
Echo
94%
Flores
93%
Thatcher
93%
Azami
92%
Zero
92%
Finka
91%
Sledge
90%
Thunderbird
90%
Ace
89%
Doc
89%
Dokkaebi
89%
Grim
89%
Iana
88%
Kapkan
88%
Ying
88%
Ash
87%
Bandit
87%
Deimos
87%
IQ
87%
Jackal
87%
Jäger
87%
Mute
87%
Nomad
87%
Pulse
87%
Rook
87%
Smoke
87%
Thermite
87%
Thorn
87%
Blackbeard
86%
Blitz
86%
Castle
86%
Caveira
86%
Fuze
86%
Goyo
86%
Hibana
86%
Lesion
86%
Lion
86%
Maestro
86%
Mira
86%
Tachanka
86%
Twitch
86%
Valkyrie
86%
Warden
86%
Ela
85%
Fenrir
85%
Frost
85%
Gridlock
85%
Kaid
85%
Montagne
85%
Oryx
85%
Ram
85%
Vigil
85%
Alibi
84%
Capitão
84%
Clash
84%
Mozzie
84%
Nøkk
84%
Osa
84%
Wamai
84%
Zofia
84%
Brava
83%
Melusi
83%
Kali
82%
Recruit
82%
Solis
82%
Amaru
81%
Aruni
81%
Sens
81%
Skopós
81%
Tubarão
79%
Sentry
78%
Striker
77%
Rauora
74%
No matching quizzes found
Score Distribution
Percent of People with Each Score
Percentile by Number Answered
Your Score History
You have not taken this quiz since the last reset